Markets (Record no. 83413)
[ view plain ]
| 000 -LEADER | |
|---|---|
| fixed length control field | 01230cab a22002175a 4500 |
| 001 - CONTROL NUMBER | |
| control field | L153908 |
| 008 - FIXED-LENGTH DATA ELEMENTS--GENERAL INFORMATION | |
| fixed length control field | 110920e20110916xxk 000 0 eng d |
| 035 ## - SYSTEM CONTROL NUMBER | |
| System control number | (Sirsi) u153908 |
| 041 0# - LANGUAGE CODE | |
| Language code of text/sound track or separate title | eng |
| 100 1# - MAIN ENTRY--PERSONAL NAME | |
| Personal name | Hatcher, David |
| 245 00 - TITLE STATEMENT | |
| Title | Markets |
| Remainder of title | North-east |
| 260 ## - PUBLICATION, DISTRIBUTION, ETC. | |
| Date of publication, distribution, etc. | 2011 |
| 490 #0 - SERIES STATEMENT | |
| Series statement | Property Week |
| Volume/sequential designation | 77(37) 16 September 2011, 39-44(4) |
| 520 ## - SUMMARY, ETC. | |
| Summary, etc. | North Eastern Local Enterprise Partnership board chairman defends choice of enterprise zone site on the banks of the Tyne and Wearside. Wind turbine manufacturer Clipper Windpower has decided against basing its operations on the north bank of the Tyne. Highbridge Properties will develop a new data centre campus in north Tyneside later this year. Nissan is investing £192m in its Sunderland plant where the new model of its Quashqai car will be made. Green Lane Capital who acquired a range of Tyneside commercial properties from administrators in December 2010 has already cut headline rents by 50% to £4.95/sq ft. |
| 590 ## - LOCAL NOTE (RLIN) | |
| Local note | KA |
| 651 #4 - SUBJECT ADDED ENTRY--GEOGRAPHIC NAME | |
| Geographic name | England |
| Chronological subdivision | 886- |
| 690 ## - LOCAL SUBJECT ADDED ENTRY--TOPICAL TERM (OCLC, RLIN) | |
| Topical term or geographic name as entry element | PROPERTY-COMMERCIAL PROPERTY-COMMERCIAL PROPERTY MARKET |
| 690 ## - LOCAL SUBJECT ADDED ENTRY--TOPICAL TERM (OCLC, RLIN) | |
| Topical term or geographic name as entry element | PROPERTY-COMMERCIAL PROPERTY-COMMERCIAL PROPERTY FINANCE AND INVESTMENT |
| 700 1# - ADDED ENTRY--PERSONAL NAME | |
| Personal name | Stewart, Sarah |
| 942 ## - ADDED ENTRY ELEMENTS (KOHA) | |
| Suppress in OPAC | 0 |
| Withdrawn status | Lost status | Source of classification or shelving scheme | Damaged status | Not for loan | Home library | Current library | Shelving location | Date acquired | Total Checkouts | Full call number | Barcode | Date last seen | Copy number | Price effective from | Koha item type |
|---|---|---|---|---|---|---|---|---|---|---|---|---|---|---|---|
| Dewey Decimal Classification | London | London | Journal article | 20/09/2011 | L153908 | 153908-1001 | 06/08/2019 | 1 | 06/08/2019 | Journal article |